Statistics for Countries Where German is the Official Language

Click here to take the quiz!

General Stats

  • This quiz has been taken 210 times
  • The average score is 5 of 6

Answer Stats

Country% Correct
Germany
100%
Austria
97%
Switzerland
96%
Luxembourg
87%
Belgium
83%
Liechtenstein
83%

Score Distribution

Percentile by Number Answered

Percent of People with Each Score

Your Score History

You have not taken this quiz